Statistics for Flags of the world - B

Click here to take the quiz!

General Stats

  • This quiz has been taken 54 times
  • The average score is 16 of 17

Answer Stats

Answer% Correct
Bangladesh
100%
Belgium
100%
Bhutan
100%
Brazil
100%
The Bahamas
100%
Bahrain
96%
Barbados
96%
Belarus
96%
Bosnia and Herzegovina
96%
Belize
92%
Botswana
92%
Bulgaria
92%
Benin
88%
Bolivia
84%
Burkina Faso
84%
Burundi
84%
Brunei
76%

Score Distribution

Percentile by Number Answered

Percent of People with Each Score

Your Score History

You have not taken this quiz